000 00511nam a22002177a 4500
003 UA-OsUOA
001 38514
007 ta
008 20060516b un ||||| |||| 00| 0 ukr d
100 _aГолованова Екатерина
090 _a32
_bГ11
942 _cSA
040 _aUA-OsUOA
_brus
_cUA-OsUOA
_dUA-OsUOA
245 _aСтарые песни о главном
300 _a2 с.
955 _a0
041 _arus
080 _a32
773 0 _w38512
650 7 _a32 Політика
_2UDC
999 _c324666
_d324666